000
00321nam a2200133Ia 4500
005
20260328104319.0
008
260328s9999||||xx |||||||||||||| ||und||
100
_a
Rojas, Edward
245
0
_a
Una Arquitectura del lugar /
_c
Edward Rojas
260
_b
Altazor
300
_a
248 p.
650
_a
ARQUITECTOS
942
_c
BK
999
_c
11264
_d
11264